| 000 | 00445nmm a2200157Ia 4500 | ||
|---|---|---|---|
| 008 | 251105s9999||||xx |||||||||||||||||und|| | ||
| 020 | _a9789568992866 | ||
| 041 | _aspa | ||
| 100 | _aGaldames, Carmen | ||
| 245 | 0 | _aEl cielo que pintamos | |
| 264 |
_a[Santiago de Chile, Chile] : _bPatagonia, _c2015 |
||
| 300 | _a169 páginas | ||
| 650 | _aLatin American narrative | ||
| 856 | _uhttps://public.digitaliapublishing.com/a/38451 | ||
| 942 | _cCF | ||
| 999 |
_c94759 _d94759 |
||